| 000 | 00708nam a2200265Ia 4500 | ||
|---|---|---|---|
| 008 | 171025s9999 xx 000 0 und d | ||
| 020 | _a9781609924225 | ||
| 050 | _a31.02 | ||
| 050 | _bC626 2012 | ||
| 100 | _aClements, Kenny | ||
| 245 | 4 | _aThe complete guide to world records / | |
| 245 | _cby Kenny Clements. | ||
| 260 | _aIrvine, California : | ||
| 260 | _bQEB Publishing, | ||
| 260 | _c2012 | ||
| 300 | _a144 pages : | ||
| 300 | _bcolored illustrations ; | ||
| 300 | _c27cm. | ||
| 500 | _aInclude glossary and index. | ||
| 650 | _aCuriosities and wonders -- | ||
| 650 | _aWorld records -- | ||
| 650 | _xJuvenile literature. | ||
| 650 | _xJuvenile literature. | ||
| 700 | _aTitle. | ||
| 999 |
_c344910 _d344910 |
||